Chase

Bibliographic Details
Main Author: Pascal, Francine
Format: Book
Published: New York : : Simon Pulse, , c2003
Series:Fearless ; #28
Pascal, Francine. Fearless ; #28
Subjects:

MARC

LEADER 00000cam a2200000 7i4500
001 0000026596
005 20160330.0
008 090708
020 |a 0689857659 
090 0 0 |a PAS   |b ENG 
100 1 |a Pascal, Francine 
245 1 0 |a Chase   |c Francine Pascal 
260 |a New York : :   |b Simon Pulse, ,   |c c2003 
440 |a Fearless ; #28 
500 |a Teenager ages 13-18 years old (blue) 
650 0 |a Fear   |x Fiction. 
650 0 |a Moore, Gaia (Fictitious character)   |x Fiction. 
650 0 |a Teenage girls   |x Fiction. 
800 1 |a Pascal, Francine.   |t Fearless ;   |v #28 
999 |a 0001056452   |b Book   |c Teenagers   |e Cawangan AEON Kulaijaya 
999 |a 0001056453   |b Book   |c Teenagers   |e Cawangan AEON Kulaijaya 
999 |a 0001056455   |b Book   |c Teenagers   |e Cawangan Bukit Gambir 
999 |a 0001056456   |b Book   |c Teenagers   |e Cawangan AEON Kulaijaya